000 00260nam a22001217a 4500
008 180103b xxu||||| |||| 00| 0 eng d
041 _aeng
080 _a33
100 _a52
101 _aEKO
245 _aTHE ESSENCE OF STIGLER
_cLEUBE,K.R
942 _2udc
_cBK
999 _c39607
_d39607